Clubs de la Champions League 2025-2026 - Statistiques

Statistiques générales
  • Ce quiz a été pris 217 fois
  • Le résultat moyen est 25 sur 36
Statistiques - réponses
Réponse % Correct
Real Madrid | Real
97%
Barcelone | Barça
96%
Bayern Munich | Bayern
94%
PSG
93%
Manchester City | City
92%
Marseille | OM
91%
Arsenal
90%
Inter
90%
Atlético Madrid | Atlético
89%
Liverpool
89%
Dortmund | Borussia Dortmund
88%
Monaco | As Monaco
86%
Benfica
84%
Chelsea
81%
Juvetus | Juve
81%
Sporting
79%
Naples | Napoli
71%
Ajax
70%
Tottenham
69%
Bodo Glimt | Bodo
68%
Leverkusen
66%
Newcastle
66%
Atalanta
64%
Bruges | Club de Bruges
61%
PSV
60%
Villarreal
56%
Galatasaray
53%
Athletic Bilbao | Bilbao
47%
Union Saint-Gilloise | Union
44%
Qarabag
43%
Kairat
42%
Francfort
38%
Olympiakos
36%
Copenhague
31%
Paphos
26%
Slavia Prague | Slavia
26%
Aucun quiz correspondant
Distribution des résultats
% des personnes avec chaque résultat
Percentile par nombre de réponses
Votre historique - résultats
Vous n’avez pas pris ce quiz